<?xml version="1.0" encoding="UTF-8"?>
<record
    xmlns:xsi="http://www.w3.org/2001/XMLSchema-instance"
    xsi:schemaLocation="http://www.loc.gov/MARC21/slim http://www.loc.gov/standards/marcxml/schema/MARC21slim.xsd"
    xmlns="http://www.loc.gov/MARC21/slim">

  <leader>02080cam a2200289 i 4500</leader>
  <controlfield tag="003">SA-RiAUC</controlfield>
  <controlfield tag="005">20251021075130.0</controlfield>
  <controlfield tag="008">251020s2007    le     g      00000 ara c</controlfield>
  <datafield tag="020" ind1=" " ind2=" ">
    <subfield code="a">9953346267</subfield>
  </datafield>
  <datafield tag="020" ind1=" " ind2=" ">
    <subfield code="a">9789953346267</subfield>
  </datafield>
  <datafield tag="024" ind1="0" ind2=" ">
    <subfield code="a">00000000265523</subfield>
  </datafield>
  <datafield tag="040" ind1=" " ind2=" ">
    <subfield code="a">SA-JeALM</subfield>
    <subfield code="b">ara</subfield>
    <subfield code="c">SA-RiAUC</subfield>
    <subfield code="d">KAC</subfield>
    <subfield code="e">rda</subfield>
  </datafield>
  <datafield tag="082" ind1="0" ind2="4">
    <subfield code="a">256</subfield>
    <subfield code="q">SA-RiAUC</subfield>
  </datafield>
  <datafield tag="090" ind1=" " ind2=" ">
    <subfield code="a">256</subfield>
    <subfield code="b">&#x635; &#x627; &#x628;</subfield>
  </datafield>
  <datafield tag="100" ind1="1" ind2=" ">
    <subfield code="a">&#x627;&#x644;&#x635;&#x627;&#x628;&#x648;&#x646;&#x64A;&#x60C; &#x645;&#x62D;&#x645;&#x62F; &#x639;&#x644;&#x64A;&#x60C;</subfield>
    <subfield code="d">1930-2021</subfield>
    <subfield code="e">&#x645;&#x624;&#x644;&#x641;.</subfield>
  </datafield>
  <datafield tag="245" ind1="1" ind2="2">
    <subfield code="a">&#x627;&#x644;&#x62C;&#x647;&#x627;&#x62F; &#x641;&#x64A; &#x627;&#x644;&#x625;&#x633;&#x644;&#x627;&#x645; &#x648;&#x627;&#x644;&#x62E;&#x637;&#x623; &#x627;&#x644;&#x62F;&#x627;&#x631;&#x62C; &#x641;&#x64A; &#x645;&#x641;&#x647;&#x648;&#x645;&#x647; /</subfield>
    <subfield code="c">&#x628;&#x642;&#x644;&#x645; &#x62E;&#x627;&#x62F;&#x645; &#x627;&#x644;&#x643;&#x62A;&#x627;&#x628; &#x648;&#x627;&#x644;&#x633;&#x646;&#x629; &#x627;&#x644;&#x634;&#x64A;&#x62E; &#x645;&#x62D;&#x645;&#x62F; &#x639;&#x644;&#x64A; &#x627;&#x644;&#x635;&#x627;&#x628;&#x648;&#x646;&#x64A;.</subfield>
  </datafield>
  <datafield tag="250" ind1=" " ind2=" ">
    <subfield code="a">&#x627;&#x644;&#x637;&#x628;&#x639;&#x629; &#x627;&#x644;&#x623;&#x648;&#x644;&#x649;.</subfield>
  </datafield>
  <datafield tag="264" ind1=" " ind2="1">
    <subfield code="a">&#x628;&#x64A;&#x631;&#x648;&#x62A; :</subfield>
    <subfield code="b">&#x627;&#x644;&#x623;&#x641;&#x642;</subfield>
    <subfield code="c">2007</subfield>
  </datafield>
  <datafield tag="300" ind1=" " ind2=" ">
    <subfield code="a">111 &#x635;&#x641;&#x62D;&#x629; &#x61B;</subfield>
    <subfield code="c">16 &#xD7; 12 &#x633;&#x645;</subfield>
  </datafield>
  <datafield tag="336" ind1=" " ind2=" ">
    <subfield code="a">&#x646;&#x635;</subfield>
    <subfield code="b">txt</subfield>
    <subfield code="2">rdacontent</subfield>
    <subfield code="3">&#x643;&#x62A;&#x627;&#x628;</subfield>
  </datafield>
  <datafield tag="337" ind1=" " ind2=" ">
    <subfield code="a">&#x628;&#x62F;&#x648;&#x646; &#x648;&#x633;&#x64A;&#x637;</subfield>
    <subfield code="b">n</subfield>
    <subfield code="2">rdamedia</subfield>
  </datafield>
  <datafield tag="338" ind1=" " ind2=" ">
    <subfield code="a">&#x645;&#x62C;&#x644;&#x62F;</subfield>
    <subfield code="b">nc</subfield>
    <subfield code="2">rdacarrier</subfield>
  </datafield>
  <datafield tag="505" ind1="0" ind2=" ">
    <subfield code="a">&#x627;&#x644;&#x645;&#x62D;&#x62A;&#x648;&#x64A;&#x627;&#x62A; : &#x645;&#x642;&#x62F;&#x645;&#x629; &#x627;&#x644;&#x646;&#x627;&#x634;&#x631;-&#x627;&#x644;&#x645;&#x642;&#x62F;&#x645;&#x629;-&#x627;&#x644;&#x62C;&#x647;&#x627;&#x62F; &#x641;&#x64A; &#x627;&#x644;&#x625;&#x633;&#x644;&#x627;&#x645; &#x648;&#x627;&#x644;&#x62E;&#x637;&#x623; &#x627;&#x644;&#x62F;&#x627;&#x631;&#x62C; &#x641;&#x64A; &#x645;&#x641;&#x647;&#x648;&#x645;&#x647;-&#x627;&#x644;&#x62C;&#x647;&#x627;&#x62F; &#x641;&#x64A; &#x645;&#x641;&#x647;&#x648;&#x645;&#x647; &#x627;&#x644;&#x634;&#x631;&#x639;&#x64A; &#x627;&#x644;&#x635;&#x62D;&#x64A;&#x62D;. .. &#x637;&#x631;&#x642; &#x627;&#x644;&#x62C;&#x647;&#x627;&#x62F; &#x648;&#x623;&#x646;&#x648;&#x627;&#x639;&#x647; &#x627;&#x644;&#x633;&#x627;&#x645;&#x64A;&#x629;-&#x627;&#x644;&#x623;&#x648;&#x644; : &#x62C;&#x647;&#x627;&#x62F; &#x627;&#x644;&#x643;&#x644;&#x645;&#x629;-&#x627;&#x644;&#x62B;&#x627;&#x646;&#x64A; : &#x62C;&#x647;&#x627;&#x62F; &#x627;&#x644;&#x62F;&#x639;&#x648;&#x629; &#x644;&#x646;&#x634;&#x631; &#x646;&#x648;&#x631; &#x627;&#x644;&#x644;&#x647;-&#x627;&#x644;&#x62B;&#x627;&#x644;&#x62B; : &#x62C;&#x647;&#x627;&#x62F; &#x627;&#x644;&#x644;&#x633;&#x627;&#x646;-&#x627;&#x644;&#x631;&#x627;&#x628;&#x639; : &#x62C;&#x647;&#x627;&#x62F; &#x627;&#x644;&#x645;&#x639;&#x631;&#x643;&#x629; &#x648;&#x627;&#x644;&#x62D;&#x631;&#x628;-&#x627;&#x644;&#x62E;&#x627;&#x645;&#x633; : &#x62C;&#x647;&#x627;&#x62F; &#x627;&#x644;&#x646;&#x641;&#x633; &#x648;&#x627;&#x644;&#x647;&#x648;&#x649;-&#x627;&#x644;&#x633;&#x627;&#x62F;&#x633; : &#x62C;&#x647;&#x627;&#x62F; &#x627;&#x644;&#x625;&#x639;&#x62F;&#x627;&#x62F; &#x648;&#x627;&#x644;&#x627;&#x633;&#x62A;&#x639;&#x62F;&#x627;&#x62F;-&#x627;&#x644;&#x633;&#x627;&#x628;&#x639; : &#x627;&#x644;&#x62C;&#x647;&#x627;&#x62F; &#x644;&#x645;&#x642;&#x627;&#x631;&#x639;&#x629; &#x627;&#x644;&#x643;&#x641;&#x631; &#x648;&#x646;&#x634;&#x631; &#x627;&#x644;&#x625;&#x633;&#x644;&#x627;&#x645; ... &#x623;&#x62D;&#x627;&#x62F;&#x64A;&#x62B; &#x627;&#x644;&#x62C;&#x647;&#x627;&#x62F; &#x641;&#x64A; &#x633;&#x628;&#x64A;&#x644; &#x627;&#x644;&#x644;&#x647; : &#x627;&#x644;&#x62D;&#x62F;&#x64A;&#x62B; &#x627;&#x644;&#x623;&#x648;&#x644;-&#x627;&#x644;&#x62D;&#x62F;&#x64A;&#x62B; &#x627;&#x644;&#x62B;&#x627;&#x646;&#x64A;-&#x627;&#x644;&#x62D;&#x62F;&#x64A;&#x62B; &#x627;&#x644;&#x62B;&#x627;&#x644;&#x62B;&#x60C; &#x627;&#x644;&#x62D;&#x62F;&#x64A;&#x62B; &#x627;&#x644;&#x631;&#x627;&#x628;&#x639;-&#x627;&#x644;&#x62D;&#x62F;&#x64A;&#x62B; &#x627;&#x644;&#x62E;&#x627;&#x645;&#x633;-&#x627;&#x644;&#x62D;&#x62F;&#x64A;&#x62B; &#x627;&#x644;&#x633;&#x627;&#x62F;&#x633; ... &#x642;&#x635;&#x629; &#x625;&#x633;&#x644;&#x627;&#x645; &#x62B;&#x645;&#x627;&#x645;&#x629;-&#x642;&#x635;&#x629; &#x623;&#x628;&#x64A; &#x630;&#x631; &#x627;&#x644;&#x63A;&#x641;&#x627;&#x631;&#x64A; &#x645;&#x639; &#x645;&#x645;&#x644;&#x648;&#x643;&#x647;-&#x628;&#x64A;&#x646; &#x627;&#x644;&#x62C;&#x647;&#x627;&#x62F; &#x648;&#x627;&#x644;&#x625;&#x631;&#x647;&#x627;&#x628;-&#x62E;&#x627;&#x62A;&#x645;&#x629; &#x627;&#x644;&#x628;&#x62D;&#x62B;-&#x631;&#x628;&#x637; &#x627;&#x644;&#x625;&#x633;&#x644;&#x627;&#x645; &#x628;&#x627;&#x644;&#x625;&#x631;&#x647;&#x627;&#x628; &#x632;&#x648;&#x631; &#x648;&#x628;&#x647;&#x62A;&#x627;&#x646;. </subfield>
  </datafield>
  <datafield tag="650" ind1=" " ind2="7">
    <subfield code="a">&#x627;&#x644;&#x62C;&#x647;&#x627;&#x62F; &#x641;&#x64A; &#x627;&#x644;&#x625;&#x633;&#x644;&#x627;&#x645;</subfield>
    <subfield code="2">aucsh</subfield>
  </datafield>
  <datafield tag="942" ind1=" " ind2=" ">
    <subfield code="2">ddc</subfield>
    <subfield code="c">BOOK</subfield>
    <subfield code="n">0</subfield>
  </datafield>
  <datafield tag="949" ind1=" " ind2=" ">
    <subfield code="a">SA-JeALM</subfield>
    <subfield code="d">251020</subfield>
    <subfield code="u">mohamedma123</subfield>
    <subfield code="n">1</subfield>
  </datafield>
  <datafield tag="952" ind1=" " ind2=" ">
    <subfield code="0">0</subfield>
    <subfield code="1">0</subfield>
    <subfield code="2">ddc</subfield>
    <subfield code="4">0</subfield>
    <subfield code="7">0</subfield>
    <subfield code="a">WAHAB</subfield>
    <subfield code="b">WAHAB</subfield>
    <subfield code="d">2025-10-21</subfield>
    <subfield code="l">0</subfield>
    <subfield code="o">256  &#x635; &#x627; &#x628;</subfield>
    <subfield code="p">000020430</subfield>
    <subfield code="r">2025-10-21 07:52:14</subfield>
    <subfield code="w">2025-10-21</subfield>
    <subfield code="y">BOOK</subfield>
  </datafield>
  <datafield tag="999" ind1=" " ind2=" ">
    <subfield code="c">12671</subfield>
    <subfield code="d">12671</subfield>
  </datafield>
</record>
